Statistiques concernant Pays du Premier Empire français (avec carte)

Cliquez ici pour prendre le quiz!

Statistiques générales

  • Ce quiz a été pris 1 935 fois
    (1 815 depuis la dernière actualisation)
  • Le résultat moyen est 9 sur 13

Réponses sur la Carte

Les réponses sont colorées sur une échelle allant du rouge au vert en fonction du pourcentage des utilisateurs qui les ont devinées à leur premier essai. Vous pouvez retrouver ces pourcentages ci-dessous.
 

Statistiques - réponses

Réponse% Correct
France
100%
Espagne
99%
Danemark–Norvège
98%
Suisse
98%
Autriche
89%
Confédération du {Rhin}
89%
Italie
84%
Prusse
81%
Saint-Marin
67%
Naples
60%
Dantzig
41%
Varsovie
28%
Neuchâtel
10%

Distribution des résultats

Percentile par nombre de réponses

% des personnes avec chaque résultat

Votre développement - résultats

Vous n’avez pas pris ce quiz depuis la dernière actualisation